000 00871cam a2200325 4500500
005 20260405003643.0
041 _afre
042 _adc
100 1 0 _aLacroix, Alexandre
_eauthor
245 0 0 _aTest : quel surmené êtes-vous ?
260 _c2023.
500 _a30
690 _aAccélération
690 _aAlexandre Lacroix
690 _aAliénation
690 _aBullshit jobs
690 _aBurn-Out
690 _aDavid Graeber
690 _aHartmut Rosa
690 _aJohn Perry
690 _aOisiveté
690 _aparesse
690 _aSénèque
690 _aStress
690 _aSurmenage
690 _atest
690 _aTravail
786 0 _nPhilosophie magazine | 167 | 2 | 2023-03-01 | p. 27-29 | 1951-1787
856 4 1 _uhttps://shs.cairn.info/magazine-philosophie-magazine-2023-2-page-27?lang=fr&redirect-ssocas=7080
999 _c2069637
_d2069637